Escenas del crimen: Criminología y criminalística (Registro nro. 2008)

Detalles MARC
000 -LEADER
fixed length control field 01703nam a22001937a 4500
003 - CONTROL NUMBER IDENTIFIER
control field OSt
005 - DATE AND TIME OF LATEST TRANSACTION
control field 20260225180254.0
008 - FIXED-LENGTH DATA ELEMENTS--GENERAL INFORMATION
fixed length control field 251017b |||||||| |||| 00| 0 eng d
020 ## - INTERNATIONAL STANDARD BOOK NUMBER
International Standard Book Number 9786200341662
100 ## - MAIN ENTRY--PERSONAL NAME
Personal name Jatun Yachay Sovilex
245 ## - TITLE STATEMENT
Title Escenas del crimen: Criminología y criminalística
260 ## - PUBLICATION, DISTRIBUTION, ETC.
Name of publisher, distributor, etc. Editorial Académica Española
Date of publication, distribution, etc. 2020
300 ## - PHYSICAL DESCRIPTION
Dimensions ‎ 5.91 x 0.22 x 8.66 pulgadas
Extent 96
520 ## - SUMMARY, ETC.
Summary, etc. Es el libro esencial para quien se inicie en el campo de las ciencias forenses. Abarca los temas principales para comprender todo acerca de la criminalística y criminología, que aporta una información valiosa en caso de fenecimientos violentos, así como el esclarecimiento de los hechos, con base al tratamiento científico de la evidencia. Se presenta mediante fotos ilustrativas diferentes escenarios, así como, técnicas para la rotulación adecuada, porque el desafío de responder legalmente por las causas y circunstancias del deceso, tiene que ver con el lugar, clima, tiempo y otras variables del ambiente y de las víctimas.En este sentido, el manuscrito y sus imágenes refleja el avance de la criminalística a lo largo de su historia, que se ha ido edificando sobre las bases sólidas de las ciencias forenses, siendo la ciencia encargada de la investigación en el lugar de los hechos. En una muerte violenta, la valoración de la escena del crimen representa un gran teatro en el cada indicio es un actor importante para armar la obra y su importancia radica en conjugar todos los elementos involucrados.
650 ## - SUBJECT ADDED ENTRY--TOPICAL TERM
Topical term or geographic name entry element Criminologia y criminalistica
650 ## - SUBJECT ADDED ENTRY--TOPICAL TERM
Topical term or geographic name entry element Historia de la criminalistica
650 ## - SUBJECT ADDED ENTRY--TOPICAL TERM
Topical term or geographic name entry element Del cuerpo y fenómenos biológicos
942 ## - ADDED ENTRY ELEMENTS (KOHA)
Source of classification or shelving scheme Dewey Decimal Classification
Koha item type Libros
Suppress in OPAC No
Existencias
Withdrawn status Lost status Source of classification or shelving scheme Damaged status Not for loan Collection Home library Current library Shelving location Date acquired Inventory number Total checkouts Full call number Barcode Date last seen Copy number Price effective from Koha item type
    Dewey Decimal Classification     Estantería D Fila 4 Biblioteca Stanford Biblioteca Stanford Biblioteca Cerrada 17.10.2025 0787   Criminalística CRIMI0787 17.10.2025 1 17.10.2025 Libros
Bienvenido a nuestra Biblioteca